Statistics for F1 & Formula E quiz

Click here to take the quiz!

General Stats

  • This quiz has been taken 83 times
    (63 since last reset)
  • The average score is 16 of 18

Answer Stats

QuestionAnswer% Correct
How many world championships has Ascari won2
100%
How many world championships has prost won4
98%
Who won the 2008 world championship Hamilton or MassaHamilton
96%
Who came out to win the 2021 british grand prixHamilton
96%
Who came second in the 2021 Azerbijan grand prixVettel
95%
Who won the 2010,11,12,13 world championshipsVettel
95%
Has Vettel won 3 world championshipsNo
93%
Who won the 2021 world championshipVerstappen
93%
Going into the Abu Dhabi Gp Who won the race in 2021Verstappen
93%
How many wins does hamilton have103
89%
How many F1 drivers have gone to Formula E this year7
89%
And who won itPerez
89%
Has vettel won the same amount of championshipsyes
89%
Which season did Mark Webber end his career2013
88%
Who won the first ever F1 world championship everFarina
82%
How many times has mazapin spun in 202122
77%
Where did Vettel win his 4th world titleIndia
64%
Which team did Vettel first drive forBMW Sauber
52%

Score Distribution

Percentile by Number Answered

Percent of People with Each Score

Your Score History

You have not taken this quiz since the last reset